000
00248nam a22000857a 4500
008
160624b xxu||||| |||| 00| 0 eng d
100
_9
1074
_a
Palmer, B
245
_a
Felicia Cartright and the Case of the Dancing Fire
260
_a
Chicago
_b
Moody Press
_c
1960
999
_c
860
_d
860